LEADER 01412nam2-2200397li-450- 001 990005821650203316 005 20130327111957.0 010 $a978-88-13-30737-0 035 $a000582165 035 $aUSA01000582165 035 $a(ALEPH)000582165USA01 035 $a000582165 100 $a20130327d2012----km-y0itay0103----ba 101 $aita 102 $aIT 105 $a||||||||001yy 200 1 $aCommentario breve al codice di procedura penale : complemento giurisprudenziale : appendice di aggiornamento 2012$fa cura di Giovanni Conso, Vittorio Grevi$ga cura di Livia Giuliani 205 $a7. ed$grealizzata a Pavia dalla Scuola di Vittorio Grevi, coordinata da Livia Giuliani 210 $aPadova$cCEDAM$d2012 215 $aXXIII, 406 p.$d22 cm 225 2 $aBreviaria Iuris$v6 410 0$1001000313405$aBreviaria Iuris$v, 6 606 0 $2BNCF 676 $a345.4505 700 1$aCONSO,$bGiovanni$0149594 701 1$aGREVI,$bVittorio$0222797 702 $aGIULIANI,$bLivia 801 0$aIT$bsalbc$gISBD 912 $a990005821650203316 951 $aXXVI.2.B. 102$b72957 G.$cXXVI.2.B.$d00314059 959 $aBK 969 $aGIU 979 $aCHIARA$b90$c20130327$lUSA01$h1114 979 $aCHIARA$b90$c20130327$lUSA01$h1119 996 $aCommentario breve al codice di procedura penale : complemento giurisprudenziale : appendice di aggiornamento 2012$91089091 997 $aUNISA LEADER 02043nam0 2200373 i 450 001 VAN00105276 005 20240806100728.364 100 $a20160419d1995 |0itac50 ba 101 $aita 102 $aIT 105 $a|||| ||||| 200 1 $aAnimali e piante della Sicilia$fC. S. Rafinesque Schmaltz$gintroduzione di Carlo Violani, presentazione di F. M. Raimondo 210 $aPalermo$cAccademia nazionale di scienze, lettere e arti$d1995 215 $aXXVII, 105 p., XX c. di tav.$cill.$d22 cm 300 $aIn testa al front.: Regione siciliana, Assessorato dei beni culturali e ambientali e della pubblica istruzione, Ripr. facs. dell'ed.: Palermo : per le stampe di Sanfilippo, 1810 620 $dPalermo$3VANL000013 676 $a581.945$cPiante - Italia$v22 676 $a591.945$cAnimali - Italia$v22 700 1$aRafinesque Schmaltz$bConstantin S.$3VANV081899$0721412 702 1$aRaimondo$bFrancesco Maria$3VANV014531 702 1$aViolani$bCarlo$3VANV081902 712 $aAccademia nazionale di scienze, lettere e arti $3VANV108418$4650 790 1$aRafinesque Schmaltz, Constantin Samuel$zRafinesque Schmaltz, Constantin S.$3VANV081900 790 1$aRafinesque Schmaltz, C. S.$zRafinesque Schmaltz, Constantin S.$3VANV081901 790 1$aRafinesque Schmaltz, C.S.$zRafinesque Schmaltz, Constantin S.$3VANV216946 790 1$aRaimondo, F. M.$zRaimondo, Francesco Maria$3VANV228371 790 1$aRaimondo, F.M.$zRaimondo, Francesco Maria$3VANV228372 790 1$aRaimondo, Francesco M.$zRaimondo, Francesco Maria$3VANV233304 801 $aIT$bSOL$c20240906$gRICA 899 $aBIBLIOTECA DEL DIPARTIMENTO DI SCIENZE E TECNOLOGIE AMBIENTALI BIOLOGICHE E FARMACEUTICHE$1IT-CE0101$2VAN17 912 $aVAN00105276 950 $aBIBLIOTECA DEL DIPARTIMENTO DI SCIENZE E TECNOLOGIE AMBIENTALI BIOLOGICHE E FARMACEUTICHE$d17CONS Ja63 $e17OM 2777 20160419 $sBuono 996 $aAnimali e piante della Sicilia$91413202 997 $aUNICAMPANIA